Entrepreneurship as a Narratives

Výskum podnikania sa rozvíja, no zdá sa, že stále existuje mnoho kognitívnych medzier, najmä v perspektívach humanistického a diskurzívneho prístupu. Príspevok sa venuje téme inovačného podnikania v kontexte významu naratívov, znalostného konštruktivizmu a dizajnu podnikateľských príbehov. Naratívny...

Description complète

Enregistré dans:
Détails bibliographiques
Auteur principal: Pachura, Aneta
Autres auteurs: Matlovičová, Kvetoslava, 1971-
Format: Chapitre de livre
Langue:anglais
Sujets:
Tags: Ajouter un tag
Pas de tags, Soyez le premier à ajouter un tag!

MARC

LEADER 00000naa a2200000 4500
001 0290261
005 20240502083938.4
041 0 |a eng 
044 |a PL 
245 1 0 |a Entrepreneurship as a Narratives  |c Aneta Pachura, Kvetoslava Matlovičová 
520 |a Výskum podnikania sa rozvíja, no zdá sa, že stále existuje mnoho kognitívnych medzier, najmä v perspektívach humanistického a diskurzívneho prístupu. Príspevok sa venuje téme inovačného podnikania v kontexte významu naratívov, znalostného konštruktivizmu a dizajnu podnikateľských príbehov. Naratívny výskum v podnikaní – prehľad literatúry. Metodologický rámec pre naratívnu analýzu. Rozprávanie o podnikaní – kontrastné príklady (spoločnosť Apple a Theranos). 
610 2 0 |a podnikanie 
610 2 0 |a manažment 
610 2 0 |a inovácia 
610 2 0 |a výskum 
610 2 0 |a rozhovor 
610 2 0 |a diskusia 
610 2 0 |a komunikácia 
610 2 0 |a analýzy 
100 1 |a Pachura, Aneta 
700 1 |a Matlovičová, Kvetoslava, 1971-